• 首页
  • 本馆介绍
  • 公告通知
  • 最新文献
  • 馆藏检索
  • 电子资源
  • 读者导购
  • 参考咨询
  • 我的图书馆
  • 登录
  • 详细信息显示
  • 放入我的书架
  • 预约/预借图书
  • 作者相关作品
  • 分类相关作品
  • 丛书相关作品
  • 出版社相关作品

书目信息

  • 表格格式
  • 工作单格式
  • 卡片格式
题名:
外国人教子故事
    
 
作者: 胡小岩 编
分册:  
出版信息: 长春   吉林人民出版社  2011
页数: 202页
开本: 23cm
丛书名: 青少年探索文库
单 册:
中图分类: G78-49
科图分类:
主题词: 家庭教育--jia ting jiao yu--通俗读物
电子资源:
ISBN: 978-7-206-07082-2
000 00903nam 2200265 450
001 012001003284
005 20131025151049.0
010    @a978-7-206-07082-2@dCNY25.80
099    @aCAL 012012171941
100    @a20120412d2011 cemy0chiy50 ea
101 0  @achi
102    @aCN@b220000
105    @ay z 000fy
106    @ar
200 1  @a外国人教子故事@Awai guo ren jiao zi gu shi@f胡小岩编
210    @a长春@c吉林人民出版社@d2011
215    @a202页@d23cm
225 2  @a青少年探索文库@Aqing shao nian tan suo wen ku
330    @a本书收录了多篇讲述外国人教育子女的故事, 内容包括: 《始于餐桌的家庭启蒙教育》、《流行于美国的幼儿阅读教育》、《尊重是送给孩子最好的礼物》等。
410  0 @12001@a青少年探索文库
606 0  @a家庭教育@Ajia ting jiao yu@j通俗读物
690    @aG78-49@v5
701  0 @a胡小岩@Ahu xiao yan@4编
801  2 @aCN@b江苏凤凰@c20191020
905    @b1226508-11@dG78-49@e1173@f4
    
    外国人教子故事/胡小岩编.-长春:吉林人民出版社,2011
    202页;23cm.-(青少年探索文库)
    
    
    ISBN 978-7-206-07082-2:CNY25.80
    本书收录了多篇讲述外国人教育子女的故事, 内容包括: 《始于餐桌的家庭启蒙教育》、《流行于美国的幼儿阅读教育》、《尊重是送给孩子最好的礼物》等。
●
相关链接 在E读中查询图书 在五车中查询图书 在当当中查询图书 在豆瓣中查询图书


正题名:外国人教子故事     索取号:G78-49/1173         预约/预借

序号 登录号 条形码 馆藏地/架位号 状态 备注
1 1226508   212265083   第一样本阅览室/ [索取号:G78-49/1173] 在馆    
2 1226509   212265092   教育系资料室/ [索取号:G78-49/1173] 在馆    
3 1226510   212265109   教育系资料室/ [索取号:G78-49/1173] 在馆    
4 1226511   212265118   第四借阅区/ [索取号:G78-49/1173] 在馆    
唐山师范学院图书馆 欢迎您!
大连网信软件有限公司© 版权所有